| 000 | 00519nam a22001817a 4500 | ||
|---|---|---|---|
| 003 | CEME | ||
| 005 | 20210628203711.0 | ||
| 008 | 210324b xxu||||| |||| 00| 0 eng d | ||
| 020 | _a0-12-737865-0 | ||
| 040 | _c. | ||
| 082 | _a005.42 WAT'V | ||
| 100 |
_aWatkins, Christopher.D , Marenka, Stephen.R _966919 |
||
| 245 | _aVirtual reality excursions , with programming in c | ||
| 260 |
_aBOSTON _bAP PROFESSIONAL _c1994 |
||
| 300 | _aXXIV,503P | ||
| 650 |
_aPROGRAMMING IN C VIRTUAL REALITY _966920 |
||
| 942 |
_cBK _2ddc |
||
| 999 |
_c574782 _d574782 |
||